| 000 | 02022nam a2200493Ii 4500 | ||
|---|---|---|---|
| 001 | DIGUNSAL0011 | ||
| 003 | NyNyDIG | ||
| 007 | cr ||||||||||| | ||
| 008 | 220528s2013 sp a ob 000 0 spa d | ||
| 006 | m o d | ||
| 035 | _a(OCoLC)882500597 | ||
| 040 |
_aDGITA _beng _erda _epn _cDGITA |
||
| 020 |
_a9788490123638 _qeBook _qpdf |
||
| 020 | _z9788490123621 | ||
| 041 | 0 |
_aspa _alat |
|
| 050 | 1 | 4 | _aMT5.5 ebook |
| 100 | 1 |
_aSalinas, Francisco, _d1513-1590, _eauthor. |
|
| 245 | 1 | 0 |
_aDe musica libri septem / _cFrancisco de Salinas ; edición al cuidado de Amaya García Pérez, Bernardo García-Bernalt Alonso. |
| 264 | 1 |
_aSalamanca (España) : _bEdiciones Universidad de Salamanca, _c[2013] |
|
| 300 |
_a1 online resource : _billustrations. |
||
| 336 |
_atext _btxt _2rdacontent |
||
| 337 |
_acomputer _bc _2rdamedia |
||
| 338 |
_aonline resource _bcr _2rdacarrier |
||
| 347 |
_atext file _2rdaft |
||
| 347 | _bPDF | ||
| 490 | 1 |
_aColección VIII centenario ; _v11 |
|
| 500 | _aFacs. repr. of the 1577 ed. | ||
| 504 | _aIncludes bibliographical references. | ||
| 546 | _aText in Latin; critical matters in Spanish. | ||
| 588 | 0 | _aOnline resource; title from PDF title page (Digitalia, viewed May 28, 2022) | |
| 650 | 0 |
_aMusic theory _vEarly works to 1800. |
|
| 650 | 0 |
_aMusic theory _xHistory _y16th century. |
|
| 650 | 0 | _aMusical meter and rhythm. | |
| 655 | 0 | _aElectronic books. | |
| 700 | 1 |
_aGarcía Pérez, Amaya Sara, _eeditor. |
|
| 700 | 1 |
_aGarcía-Bernalt Alonso, Bernardo, _eeditor. |
|
| 791 | 2 |
_aDigitalia (Firm), _edistributor. |
|
| 793 | 0 |
_gDigitalia eBook Collection: _aEdiciones Universidad de Salamanca |
|
| 776 | 0 | 8 |
_iPrint version: _aSalinas, Francisco, 1513-1590. _tDe musica libri septem. _b1a. edición. _dSalamanca (España) : Ediciones Universidad de Salamanca, [2013] _z9788490123621 |
| 830 | 0 |
_aColección VIII centenario ; _v11. |
|
| 856 | 4 | 0 |
_3Digitalia Hispánica _uhttps://www.digitaliapublishing.com/a/25022/ |
| 910 | _aPremium collection: 2022 | ||
| 942 | _cRAA | ||
| 999 |
_c238474 _d238474 |
||